000 00905nam a2200265 i 4500
001 16464
003 ES-MaACL
005 20240527195135.0
007 t|
008 000925s1977 sp |||| | spa d
020 _a84-235-0088-8
080 _a806.0-087(460.16)"08/13"
100 1 _aSaralegui, Carmen.
_9103751
245 1 3 _aEl dialecto navarro en los documentos del monasterio de Irache
_b: (958-1397) /
_cCarmen Saralegui.
260 _aPamplona :
_bInstitución Príncipe de Viana,
_c1977.
300 _a328 p. ;
_c22 cm.
490 1 _aColección pueblos y lenguas ;
_v7
500 _aÍndices.
504 _aBibliografía: p. 281-306.
650 1 4 _aLengua española-
_zNavarra (Comunidad Autónoma)
_9162302
710 2 _aInstitución Príncipe de Viana
_94730
830 0 _aColección pueblos y lenguas ;
_v7
_9179969
852 _aES-MaACL
_jG-2194
999 _c16464
_d16464